Catálogo público

DRONES - Modelado y control de cuadrotores (Record no. 218021)

MARC details
000 -CABECERA
campo de control de longitud fija 00401nam a2200133Ia 4500
008 - DATOS DE LONGITUD FIJA--INFORMACIÓN GENERAL
campo de control de longitud fija 191213s9999 xx 000 0 und d
020 ## - NÚMERO INTERNACIONAL ESTÁNDAR DEL LIBRO
Número Internacional Estándar del Libro 9786075383156
100 1# - ENTRADA PRINCIPAL--NOMBRE DE PERSONA
Nombre de persona MIRANDA COLORADO, Roger
245 1# - MENCIÓN DE TÍTULO
Título DRONES - Modelado y control de cuadrotores
260 00 - PUBLICACIÓN, DISTRIBUCIÓN, ETC.
Lugar de publicación, distribución, etc. 2018
250 ## - MENCIÓN DE EDICIÓN
Mención de edición 1
650 00 - PUNTO DE ACCESO ADICIONAL DE MATERIA--TÉRMINO DE MATERIA
Término de materia que sigue a un nombre geográfico como elemento de entrada Ciencia y tecnología
856 00 - LOCALIZACIÓN Y ACCESO ELECTRÓNICOS
Nombre del host https://uachapingo.bibliotecasdigitales.com/read/9786075383156/index

No items available.